Countries Closest to Three Countries A-Z - Statistics

General Stats
  • This quiz has been taken 4,667 times
    4,626 since last reset
  • The average score is 35 of 60
Answer Stats
Starting Country % Correct
Mexico U United States
92%
All Y Yemen
86%
Mexico H Honduras
85%
All O Oman
85%
All Q Qatar
85%
All Z Zambia
85%
Mexico B Belize
82%
Mexico C Cuba
82%
Mexico G Guatemala
81%
Mexico J Jamaica
81%
Mexico D Dominican Republic
79%
Mexico V Venezuela
79%
Mexico A Antigua & Barbuda
77%
Brunei I Indonesia
76%
Mexico E El Salvador
74%
Brunei V Vietnam
72%
Mexico P Panama
71%
Gabon D D.R. Congo
70%
Mex, Gab F France
70%
Mexico N Nicaragua
70%
Gabon A Angola
69%
Brunei J Japan
68%
Brunei M Malaysia
66%
Brunei L Laos
64%
Gabon U Uganda
63%
Gabon R R. Congo
62%
Gabon C Cameroon
61%
Brunei A Australia
60%
Brunei C Cambodia
59%
Gabon N Nigeria
59%
Brunei T Thailand
59%
Gabon J Jordan
58%
Gabon E Equatorial Guinea
57%
Gabon K Kenya
57%
Gabon B Benin
56%
Brunei P Philippines
56%
Mex, Bru R Russia
56%
Mexico S St Kitts & Nevis
56%
Mexico T Trinidad & Tobago
56%
Brunei S Singapore
55%
Gabon V Vatican City
54%
Gabon G Ghana
52%
Brunei E East Timor
51%
Gabon M Mali
50%
Gabon T Togo
50%
Mex, Gab L Liberia
48%
Mexico K Kosovo
43%
Gab, Bru H Hungary
41%
Brunei U Uzbekistan
39%
Mexico I Iceland
38%
Brunei N Nepal
38%
Gabon I Italy
36%
Brunei D Djibouti
35%
Brunei B Burma
33%
Gabon S Sudan
31%
Brunei K Kyrgyzstan
30%
Gabon P Portugal
24%
Mexico M Mauritania
19%
Brunei G Georgia
15%
Brunei F Fed. States Micronesia
3%
No matching quizzes found
Score Distribution
Percent of People with Each Score
Percentile by Number Answered
Your Score History
You have not taken this quiz since the last reset